IMU senzorická jednotka
Salvato in:
| Autore principale: | |
|---|---|
| Altri autori: | |
| Natura: | Manoscritto Libro |
| Lingua: | slovacco |
| Pubblicazione: |
2016
|
| Soggetti: | |
| Accesso online: | http://is.stuba.sk/zp/portal_zp.pl?podrobnosti=131049 |
| Tags: |
Nessun Tag, puoi essere il primo ad aggiungerne!!
|
MARC
| LEADER | 00000ntm a22000003a 4500 | ||
|---|---|---|---|
| 001 | stuzp52360 | ||
| 003 | SK-STU | ||
| 005 | 20160721114703.0 | ||
| 007 | ta | ||
| 008 | 150427s2015----xo-----f-mn---000-0-slo-d | ||
| 040 | |a STU |b slo | ||
| 041 | 0 | |a slo | |
| 044 | |a xo | ||
| 100 | 1 | |a Mikolášek, Dávid |u 033000 |k Z4 |4 aut |U FEI Fakulta elektrotechniky a informatiky |T FEI Ústav elektroniky a fotoniky |X 8568 |U E030 |Y 549 |7 A000008568 | |
| 242 | 0 | 1 | |a Inertial Measurement Unit |y eng |
| 245 | 1 | 0 | |a IMU senzorická jednotka |
| 260 | |c 2016 | ||
| 300 | |a 57 s. | ||
| 650 | 4 | |a Kvaternióny |2 slo | |
| 650 | 4 | |a IMU |2 slo | |
| 650 | 4 | |a rozšírený Kalmanov filter |2 slo | |
| 650 | 4 | |a Dynamická časová deformácia |2 slo | |
| 650 | 4 | |a DTW |2 slo | |
| 650 | 4 | |a inerciálna meracia jendotka |2 slo | |
| 650 | 4 | |a vzdialenosť |2 slo | |
| 650 | 4 | |a IMU |2 eng | |
| 650 | 4 | |a Dynamic Time Warping |2 eng | |
| 650 | 4 | |a DTW |2 eng | |
| 650 | 4 | |a extended Kalman filter |2 eng | |
| 650 | 4 | |a quaternions |2 eng | |
| 650 | 4 | |a distance |2 eng | |
| 650 | 4 | |a detection |2 eng | |
| 700 | 1 | |a Daříček, Martin |u 033000 |k Z2 |4 ths |U FEI Fakulta elektrotechniky a informatiky |T FEI Ústav elektroniky a fotoniky |X 27484 |U E030 |Y 549 |7 A000027484 | |
| 856 | 4 | |u http://is.stuba.sk/zp/portal_zp.pl?podrobnosti=131049 | |
| 996 | |b 284EP11346 |c E*DIPL- 11346 |l EE33 |s P |a 0 |w stuzp52360_0001 | ||
| SQL | |a stuzp52360 |b DDP |c SLO |d IMU senzorická jednotka |e 8568 |f Mikolášek, Dávid |g 033000 |h 27484 |i Daříček, Martin |j 20160614 |k 1172 |l 03 |m http://is.stuba.sk/zp/portal_zp.pl?podrobnosti=131049 |n I-EN |o 5.2.13. elektronika | ||